000 00986nam a22002537a 4500
999 _c20528
_d20528
003 AR-CdUCM
008 190531b ||||| |||| 00| 0 spa d
020 _a9972-691-03-9
040 _aMUNICIPALIDAD PROVINCIAL DEL CUSCO
_cBIBLIOTECA MUNICIPAL DEL CUSCO
082 _a400.370 /
_bC23
100 _aCalvo Pérez, Julio y Godenzzi, Juan Carlos
_942920
245 _aMultilingüismo y educación bilingüe en América y España /
260 _aCusco :
_bBartolomé de Las Casas,
_c1997.
300 _a399 páginas ;
_c23 cm.
440 _aEstudios y debates regionales andinos
_n97
_942921
505 _aContenido : Equidad en la diversidad -- Planificación de la identidad -- La eficacia y la validez...
650 _aBilinguismo
_97414
650 _aEducación Bilingue
_922011
650 _aAmérica
_91348
650 _aEspaña
_9176
710 _aCentro de Estudios Regionales Andinos Bartolomé de Las Casas (Cusco)
_93306
942 _2ddc
_cLIBROS
945 _aJavier